| 000 | 00953nam a2200265Ia 4500 | ||
|---|---|---|---|
| 003 | OSt | ||
| 005 | 20221005113123.0 | ||
| 006 | a|||||r|||| 00| 0 | ||
| 007 | ta | ||
| 008 | 221004b |||||||| |||| 00| 0 pan d | ||
| 020 |
_a81876541694 _c275 |
||
| 024 | _a80601 | ||
| 037 |
_b552, 14/12/2011, H.K. Prakashan _cTextual |
||
| 040 |
_aCRL _cCRL _bpan |
||
| 041 |
_2pan _apan |
||
| 082 | _aO153,3NVA1:g, P9 | ||
| 100 | _aਥਾਪਰ, ਪ੍ਰਿਥਵੀ ਰਾਜ | ||
| 245 | 0 | _aਵੀਨਾ ਵਰਮਾ ਦਾ ਗਲਪੀ ਜਗਤ | |
| 260 |
_aਦਿੱਲੀ _bਮਨਪ੍ਰੀਤ ਪ੍ਰਕਾਨ ਭਾਰਤ _c2009 |
||
| 300 |
_a175ਪੰ _ccm. |
||
| 650 | _a ਵੀਨਾ ਵਰਮਾ ਆਲੋਚਨਾ | ||
| 650 | _aਪੰਜਾਬੀ ਸਾਹਿਤ | ||
| 942 |
_hO153,3NVA1:g, P9 _cTEXL _2cc |
||
| 999 |
_c1027113 _d1027113 |
||